000 00321 a2200097 4500
082 _a338.1096762 ROB
100 _aRoberts, Peter
245 _aRural Access Index: A Key Development Indicator /
_cPeter Roberts, Shyam KC, Cordula Rastogi
260 _aWashington :
_bThe World Bank,
_c2006
300 _avii, 27p. :
_bill. ;
_c30 cm
650 _aRural Access
999 _c2105
_d2105